Kraje z polskimi native speakerami - Statystyki

Ogólne statystyki
  • Ten quiz został rozwiązany 81 razy
  • Średni wynik to 8 z 10
Statystyki odpowiedzi

Liczba Państwo % Poprawnych
2 1112818 Niemcy
96%
1 37815606 Polska
96%
4 576816 Stany Zjednoczone
96%
9 52170 Czechy
86%
3 660138 Wielka Brytania
86%
5 275288 Francja
85%
6 181710 Kanada
83%
7 160506 Litwa
74%
10 51399 Australia
61%
8 135895 Irlandia
57%
Nie znaleziono quizów pasujących do podanych kryteriów
Rozkład punktacji
Procent ludzi z każdym wynikiem
Percentyl według liczby udzielonych odpowiedzi
Twoja historia wyników
Nie rozwiązałeś tego quizu